01072cam a22002057i 4500001001500000008004100015020001800056040000800074041000800082100003200090245002800122260003100150300002300181520045200204650003100656655004800687942000800735952010800743999001500851Rebiun37592951250224s2025 enk 000 f eng d a9781035026081 ctbs aeng aAkbar, Kaveh925390eauthor10aMartyr! c/ Kaveh Akbar aLondon : bPicador, c2025 a331 pages ;c20cm. aCyrus Shams has always been lost. He’s grown up tangled in the mysteries of his past – an uncle who rode through Iranian battlefields, a haunting work of art by an exiled painter, and his mother, whose plane was shot down over the Persian Gulf when he was just a baby. Now, newly sober and maybe in love, he’s headed for an encounter that will transform everything he thought he knew. Can a final revelation change the truth of Cyrus's life? 0aIranian AmericansvFiction 0aFiction of Black and Asian Interest.925392 2lcc 00102lcc4070aTBSbTBSd2025-06-12l1m1oP-EN AKBpB05855r2025-11-10s2025-10-03t1w2025-06-12y1 c4718d4718